Banky v čele inovací: jak AI mění finanční sektor

Banky sa po celej Európe a väčšine sveta nachádzajú uprostred digitálnej revolúcie. Prieskumy, vrátane tých od Slovenskej bankovej asociácie (SBA) a spoločnosti Deloitte, potvrdzujú, že umelá inteligencia (AI) sa stáva kľúčovou technológiou transformujúcou finančný sektor. Podľa SBA desať členských...

Descrizione completa

Salvato in:
Dettagli Bibliografici
Autore principale: Sobková, Martina
Natura: Capitolo di libro
Lingua:ceco
Soggetti:
Tags: Aggiungi Tag
Nessun Tag, puoi essere il primo ad aggiungerne!!

MARC

LEADER 00000naa a2200000 4500
001 0307910
005 20250331110709.5
041 0 |a cze 
044 |a CZ 
245 1 0 |a Banky v čele inovací: jak AI mění finanční sektor  |c Martina Sobková 
520 |a Banky sa po celej Európe a väčšine sveta nachádzajú uprostred digitálnej revolúcie. Prieskumy, vrátane tých od Slovenskej bankovej asociácie (SBA) a spoločnosti Deloitte, potvrdzujú, že umelá inteligencia (AI) sa stáva kľúčovou technológiou transformujúcou finančný sektor. Podľa SBA desať členských bánk aktívne implementuje AI a využíva generatívne modely, jazykové modely a strojové učenie. Jazykové modely, schopné pracovať s prirodzeným jazykom, majú zásadný význam, pretože umožňujú bankám nielen zlepšovať komunikáciu so zákazníkmi, ale i poskytovať personalizované služby a automatizovať rutinné procesy, ako je spracovanie transakcií či detekcia podvodov. Tieto technológie naviac prinášajú efektivitu a rýchlosť, čo sú kľúčové atribúty moderného bankovníctva. 
610 2 0 |a bankovníctvo 
610 2 0 |a banky 
610 2 0 |a inovácie technologické 
610 2 0 |a inteligencia umelá 
610 2 0 |a sektor finančný 
610 2 0 |a učenie strojové 
610 2 0 |a služby bankové 
610 2 0 |a personalizácia 
610 2 0 |a efektívnosť 
100 1 |a Sobková, Martina